000 01406nam a2200289 a 4500
001 ebr10068350
003 CaPaEBR
006 m u
007 cr cn|||||||||
008 010116s2000 dcua sb 000 0 eng d
010 _z 2001274254
020 _z0309071399
040 _aCaPaEBR
_cCaPaEBR
035 _a(OCoLC)70773208
050 1 4 _aQB61
_b.F43 2000eb
245 0 0 _aFederal funding of astronomical research
_h[electronic resource] /
_cCommittee on Astronomy and Astrophysics, Board on Physics and Astronomy and Space Studies Board, Commission on Physical Sciences, Mathematics, and Applications, National Research Council.
260 _aWashington, D.C. :
_bNational Academy Press,
_cc2000.
300 _axiv, 84 p. :
_bill.
504 _aIncludes bibliographical references.
533 _aElectronic reproduction.
_bPalo Alto, Calif. :
_cebrary,
_d2013.
_nAvailable via World Wide Web.
_nAccess may be limited to ebrary affiliated libraries.
610 2 0 _aNational Science Foundation (U.S.)
_xResearch grants.
610 1 0 _aUnited States.
_bNational Aeronautics and Space Administration
_xAppropriations and expenditures.
650 0 _aAstronomy
_xResearch
_zUnited States
_xFinance.
655 7 _aElectronic books.
_2local
710 2 _aebrary, Inc.
856 4 0 _uhttp://site.ebrary.com/lib/rucke/Doc?id=10068350
_zAn electronic book accessible through the World Wide Web; click to view
999 _c41510
_d41510